|
|
|
|
| LEADER |
00000nam0a2200000 4500 |
| 001 |
310516 |
| 005 |
20231102002308.0 |
| 010 |
|
|
|a 9785317021221
|
| 035 |
|
|
|a (RuTPU)RU\TPU\book\335866
|
| 090 |
|
|
|a 310516
|
| 100 |
|
|
|a 20151126d2007 m y0rusy50 ca
|
| 101 |
0 |
|
|a rus
|
| 102 |
|
|
|a RU
|
| 105 |
|
|
|a a j 001zy
|
| 200 |
1 |
|
|a Ликвидация скважин различного назначения
|e учебное пособие
|f А. А. Сазонов
|
| 210 |
|
|
|a Москва
|c МАКС Пресс
|d 2007
|
| 215 |
|
|
|a 172 с.
|c ил.
|
| 320 |
|
|
|a Библиогр.: с. 151-154.
|
| 330 |
|
|
|a Учебное пособие посвящено вопросам организации работ по консервации и ликвидации скважин различного назначения. Существующий фонд скважин на нефть и газ постоянно растет, и возникает необходимость вывода скважин из действующего фонда, то есть консервация и их последующая ликвидация.Специфика ликвидации скважин напрямую связана с состоянием их технологических колонн, которые в результате эксплуатации, как правило, значительно изношены. Проблемы ликвидации скважин различного назначения не нашли должного отражения в научно-технической литературе. Задача данного пособия состоит в том, чтобы ликвидировать этот пробел.Учебное пособие предназначено для студентов высших учебных заведений и специалистов.
|
| 606 |
1 |
|
|a Нефтяные скважины
|x Консервация
|x Ликвидация
|2 stltpush
|3 (RuTPU)RU\TPU\subj\51509
|9 70087
|
| 610 |
1 |
|
|a газовые скважины
|
| 610 |
1 |
|
|a оборудование
|
| 610 |
1 |
|
|a изоляционно-ликвидационные работы
|
| 610 |
1 |
|
|a планирование
|
| 610 |
1 |
|
|a продолжительность
|
| 610 |
1 |
|
|a организация
|
| 610 |
1 |
|
|a нефтегазопроявления
|
| 610 |
1 |
|
|a обнаружение
|
| 610 |
1 |
|
|a безопасность
|
| 610 |
1 |
|
|a промышленная санитария
|
| 610 |
1 |
|
|a противопожарные мероприятия
|
| 610 |
1 |
|
|a окружающая среда
|
| 610 |
1 |
|
|a охрана
|
| 610 |
1 |
|
|a недра
|
| 610 |
1 |
|
|a почвы
|
| 610 |
1 |
|
|a грунтовые воды
|
| 610 |
1 |
|
|a атмосферный воздух
|
| 610 |
1 |
|
|a загрязняющие вещества
|
| 610 |
1 |
|
|a выбросы
|
| 610 |
1 |
|
|a расчет
|
| 610 |
1 |
|
|a стоимость
|
| 610 |
1 |
|
|a учебные пособия
|
| 675 |
|
|
|a 622.245(075.8)
|v 4
|
| 700 |
|
1 |
|a Сазонов
|b А. А.
|g Алексей Алексеевич
|
| 801 |
|
1 |
|a RU
|b 63413507
|c 20151126
|
| 801 |
|
2 |
|a RU
|b 63413507
|c 20160218
|g RCR
|
| 900 |
|
|
|a Заканчивание скважин
|
| 900 |
|
|
|a Ликвидация скважин
|
| 942 |
|
|
|c BK
|
| 951 |
|
|
|l 8.2
|
| 959 |
|
|
|a 145/20151119
|d 3
|e 550,00
|f ЧЗТЛ:1
|f УФ:2
|